000
00322nam a2200121Ia 4500
008
220204s9999 xx 000 0 und d
082
_a
620.9
_b
COM;1
100
_a
Commoner, Barry
245
0
_a
Poverty of power: Energy and the economic crisis
260
_a
New York
_b
Alfred A Knopf
_c
1976
650
_a
Power
942
_c
BK
999
_c
33493
_d
33493